| 000 | 00486nam a2200169 i 4500 | ||
|---|---|---|---|
| 001 | 34390 | ||
| 003 | ES-MaACL | ||
| 005 | 20250129092359.0 | ||
| 007 | t| | ||
| 008 | 030207s1950 sp ||||1| spa d | ||
| 100 | 1 |
_aBlanco Soler, C., _d1894-1962 _929295 |
|
| 245 | 1 | 0 |
_aFe y poesía de España / _cCarlos Blanco Soler. |
| 260 |
_aMadrid : _bBolaños y Aguilar, _c1950. |
||
| 300 |
_a159 p. ; _c17 cm. |
||
| 852 |
_aES-MaACL _jD-5689 _bR.30534 |
||
| 999 |
_c34390 _d34390 |
||